00638nam a22001817a 450000500170000001000150001702000270003203500140005903700090007308200120008224500890009426000590018327001170024230000350035949000110039470000230040570000280042820240909143902.0 aENG-141678 a9788196533250c1620.00 aEN-125210 bDBAD a581.954 aFlora of India:bNyctaginaceac-Elaeagnaceac/cEdited by Manas Bhaumik [and] A.A. Mao aKolkatabThe Director, Botanical Survey of Indiac2023 aCGO Complex, 3rd MSO Building, Block - F, 5th & 6th Floor, DF - Block, Sector-1, Salt Lake CitybKolkatae700064 axxx,804p. c25cm.(Hb)bcol,ill vVol-22 aMao, A.A. eEditor aBhaumik, Manas eEditor